00000000nam##2200000za#4500
0019.667541
003CaOODSP
00520210615123607
007ta
008150407|2006||||xxc|||||     f|0| 0 eng|d
020 |a0-662-49220-X
040 |aCaOODSP|beng
041 |aeng
041 |afre
043 |an-cn---
0861 |aSO2-11/12-2006
1101 |aCanada. |bGovernor General. |bOffice of the Secretary.
24510|aRegulations governing the award of the Canadian Coast Guard Exemplary Service Medal / |cProduced by the Communications and Visitor Services Directorate.
260 |aOttawa - Ontario : |bGovernor General of Canada. Office of the Secretary |c2006.
300 |a[8]p. ; |c23 cm.
563 |aSoftcover
590 |a06-50|b2006-12-15
69007|aDecorations|2gcpds
69007|aCoast guard|2gcpds
69007|aRegulations|2gcpds
7760#|tRèglement concernant l'attribution de la Médaille pour services distingués de la Garde côtière canadienne |w(CaOODSP)9.675602
792 |tRèglement concernant l'attribution de la Médaille pour services distingués de la Garde côtière canadienne / |efre|w(CaOODSP)9.667542